000 00534cam a22002171 4500
001 ne 64002545
003 DLC
005 20260227111805.0
008 890402s1963 xx ab 000 0 ara
010 _ane 64002545
035 _a(OCoLC)23519193
040 _aDLC
_cMiU
_dDLC
042 _apremarc
050 0 0 _aDS149
_b.A79
100 1 _aʻAṭīyah, ʻAlī Imām.
245 1 3 _aal-Ṣahyūnīyah al-ʻālamīyah.
260 _c1963.
300 _a328 p.
_billus., maps.
_c24 cm.
500 _aRomanized.
650 0 _aZionism
999 _c47470
_d47470